000 01696cam a22004454a 4500
001 74357
005 20230410120724.0
008 090814s2009 ag a b 000 0 spa
010 _a 2009500387
035 _a(OCoLC)ocn469955178
040 _aDLC
_cDLC
_dNYP
020 _a9789871543137
020 _a9871543131
035 _a(OCoLC)469955178
041 0 _aspa
_apor
043 _acl-----
050 1 4 _aHT 127.5
_bO88 2009
245 0 0 _aOtro desarrollo urbano :
_bciudad incluyente, justicia social y gestión democrática /
_cHéctor Poggiese, Tamara Tania Cohen Egler, compiladores ; Ana Clara Torres Ribeiro ... [et al.].
250 _a1. ed.
260 _aCiudad de Buenos Aires, Argentina :
_bCLACSO,
_c[2009]
300 _a220 p. :
_bill. ;
_c23 cm.
490 1 _aColección Campus virtual
546 _aIn Spanish and Portuguese.
504 _aIncludes bibliographical references.
650 0 _aCities and towns
_zLatin America
_xGrowth
_y21st century.
650 0 _aSociology, Urban
_zLatin America
_y21st century.
650 0 _aCommunity organization
_zLatin America
_y21st century.
650 0 _aPolitical participation
_zLatin America
_y21st century.
650 0 _aPoverty
_xSocial aspects
_zLatin America
_y21st century.
650 0 _aUrbanization
_zLatin America
_y21st century.
650 0 _aGlobalization
_xSocial aspects
_zLatin America
_y21st century.
650 0 _aPublic spaces
_xSocial aspects
_zLatin America
_y21st century.
700 1 _aPoggiese, Héctor A.
700 1 _aCohen Egler, Tamara Tania.
700 1 _aRibeiro, Ana Clara Torres.
830 0 _aColección Campus virtual de CLACSO.
942 _2lcc
_cbk
994 _aC0
_bDRFGD
946 _aLD
999 _c50551
_d50551